|
|
|
|
| LEADER |
01977nam a2200469 i 4500 |
| 001 |
EBC3433801 |
| 003 |
MiAaPQ |
| 005 |
20200520144314.0 |
| 006 |
m o d | |
| 007 |
cr cnu|||||||| |
| 008 |
150129s2015 mau ob 001 0 eng|d |
| 020 |
|
|
|z 9780262029247 (hardcover : alk. paper)
|
| 020 |
|
|
|a 9780262329736
|q (electronic bk.)
|
| 035 |
|
|
|a (MiAaPQ)EBC3433801
|
| 035 |
|
|
|a (Au-PeEL)EBL3433801
|
| 035 |
|
|
|a (CaPaEBR)ebr11091002
|
| 035 |
|
|
|a (CaONFJC)MIL824923
|
| 035 |
|
|
|a (OCoLC)918941347
|
| 040 |
|
|
|a MiAaPQ
|b eng
|e rda
|e pn
|c MiAaPQ
|d MiAaPQ
|
| 050 |
|
4 |
|a HC79.E5
|b P6537 2015
|
| 082 |
0 |
|
|a 333.7
|2 23
|
| 245 |
0 |
0 |
|a Political economy and instruments of environmental politics /
|c edited by Friedrich Schneider, Andrea Kollmann, and Johannes Reichl.
|
| 264 |
|
1 |
|a Cambridge, Massachusetts :
|b MIT Press,
|c [2015]
|
| 300 |
|
|
|a 1 online resource (295 pages)
|
| 336 |
|
|
|a text
|2 rdacontent
|
| 337 |
|
|
|a computer
|2 rdamedia
|
| 338 |
|
|
|a online resource
|2 rdacarrier
|
| 490 |
1 |
|
|a CESifo seminar series
|
| 504 |
|
|
|a Includes bibliographical references and index.
|
| 588 |
|
|
|a Description based on print version record.
|
| 590 |
|
|
|a Electronic reproduction. Ann Arbor, MI : ProQuest, 2015. Available via World Wide Web. Access may be limited to ProQuest affiliated libraries.
|
| 650 |
|
0 |
|a Environmental policy
|x Economic aspects.
|
| 650 |
|
0 |
|a Energy policy
|x Environmental aspects.
|
| 650 |
|
0 |
|a Environmental economics.
|
| 655 |
|
4 |
|a Electronic books.
|
| 700 |
1 |
|
|a Schneider, Friedrich,
|e editor.
|
| 700 |
1 |
|
|a Kollmann, Andrea,
|d 1980-
|e editor.
|
| 700 |
1 |
|
|a Reichl, Johannes,
|d 1979-
|e editor.
|
| 776 |
0 |
8 |
|i Print version:
|t Political economy and instruments of environmental politics.
|d Cambridge, Massachusetts : MIT Press, [2015]
|k CESifo seminar series
|z 9780262029247
|
| 797 |
2 |
|
|a ProQuest (Firm)
|
| 830 |
|
0 |
|a CESifo seminar series.
|
| 856 |
4 |
0 |
|u https://ebookcentral.proquest.com/lib/matrademy/detail.action?docID=3433801
|z Click to View
|